000 00614cam a22002052 4500
001 0000011809
005 20151217160125.0
008 090111s xx 000 0 eng d
020 _a0382251695 :
040 _aKABU
_cKABU
245 1 0 _aWorld of language /
_cNancy Nickell Ragno ...[et al.]
250 _a1st ed.
260 _aAtlanta, GA :
_bSilver Burdett & Ginn,
_c1996.
300 _axiii, 512 p.
650 0 _aEnglish language.
_@0000152087
700 1 _aRagno, Nancy Nickell.
_@0000167820
852 1 _9p500 KES
908 _a090111
950 _@1
999 _c14614
_d14614